Countries Missing Letter A-Z Blitz Quiz Stats

 Plays Quiz Updated May 3, 2017

Support Sporcle.
Go Orange.
Score 0/26 Timer 01:00
5 Plays Today
% Correct
F
77.8%
Y
77.8%
X
77.8%
H
77.5%
R
77.1%
N
76.9%
D
76.8%
A
76.7%
S
75.3%
P
75.2%
Q
74.8%
M
74.7%
I
74.6%
% Correct
E
73.9%
U
73.3%
J
70%
B
68.6%
K
68.1%
L
66.9%
G
66.3%
T
65.5%
W
63.2%
C
62.4%
O
61.8%
V
60.2%
Z
54.8%

You're not logged in!

Compare scores with friends on all Sporcle quizzes.
OR
Log In
Forgot?

From the Vault

Six Sixes in Sixty: History

by skipster73

We're just speedrunning all of history to make things efficient.
Remove Ads.
Support Sporcle.
Get the best of Sporcle when you Go Orange. This ad-free experience offers more features, more stats, and more fun while also helping to support Sporcle. Thank you for becoming a member.

Show Comments

Extras

Top Quizzes Today


Score Distribution

Your Account Isn't Verified!

In order to create a playlist on Sporcle, you need to verify the email address you used during registration. Go to your Sporcle Settings to finish the process.

Report this User

Report this user for behavior that violates our Community Guidelines.

Details: